ბათუმის შოთა რუსთაველის სახელმწიფო უნივერსიტეტის ბიბლიოთეკა

Конституционное право зарубежных стран.В таблицах исхемах.б (ბიბ.ჩანაწერი № 35960)

000 -LEADER
fixed length control field 00745nam a2200229Ia 4500
001 - CONTROL NUMBER
control field 1859
003 - CONTROL NUMBER IDENTIFIER
control field GE_BSU
008 - FIXED-LENGTH DATA ELEMENTS--GENERAL INFORMATION
fixed length control field 181216s||||||||xx |||||||||||||| ||und||
020 ## - INTERNATIONAL STANDARD BOOK NUMBER
International Standard Book Number 5699179798
040 ## - CATALOGING SOURCE
Transcribing agency GE_BSU
080 ## - UNIVERSAL DECIMAL CLASSIFICATION NUMBER
Universal Decimal Classification number 342.4(1-87)(075.8)
100 ## - MAIN ENTRY--PERSONAL NAME
Personal name Головистикова, А. Н; Грудцына,Л.Ю; Мальшев,В.А;.
245 ## - TITLE STATEMENT
Title Конституционное право зарубежных стран.В таблицах исхемах.б
245 ## - TITLE STATEMENT
Remainder of title Учебное пособие
260 ## - PUBLICATION, DISTRIBUTION, ETC.
Place of publication, distribution, etc. Москва
260 ## - PUBLICATION, DISTRIBUTION, ETC.
Name of publisher, distributor, etc. Эксмо
260 ## - PUBLICATION, DISTRIBUTION, ETC.
Date of publication, distribution, etc. 2006
300 ## - PHYSICAL DESCRIPTION
Extent 200с. 20 см.
653 ## - INDEX TERM--UNCONTROLLED
Uncontrolled term Конституционное право зарубежных стран.
942 ## - ADDED ENTRY ELEMENTS (KOHA)
Koha item type წიგნი
ეგზემპლარები
Withdrawn status Lost status Damaged status Not for loan Date acquired Barcode Date last seen Price effective from Koha item type
        2018-12-17 3757 2018-12-17 2018-12-17 წიგნი